Komparácia vybraných zdrojov financovania diplomová práca

Guardado en:
Detalles Bibliográficos
Autor principal: Nemček, Matúš
Autor Corporativo: Fakulta hospodárskej informatiky EU. Katedra účtovníctva a audítorstva
Otros Autores: Mateášová, Martina, 1979-
Formato: Libro
Lenguaje:eslovaco
Publicado: Bratislava 2018
Etiquetas: Agregar Etiqueta
Sin Etiquetas, Sea el primero en etiquetar este registro!

MARC

LEADER 00000nbm a2200000 4500
001 0243496
005 20181108092111.6
041 0 |a slo 
044 |a SK 
245 1 0 |a Komparácia vybraných zdrojov financovania  |b diplomová práca  |c Matúš Nemček ; školiteľ: Martina Mateášová 
264 1 |a Bratislava  |c 2018 
300 |a 73 s. 
100 1 |a Nemček, Matúš 
700 1 |a Mateášová, Martina, 1979- 
710 2 |a Fakulta hospodárskej informatiky EU. Katedra účtovníctva a audítorstva